| 000 | 01055nam a2200289Ia 4500 | ||
|---|---|---|---|
| 003 | OSt | ||
| 005 | 20221007123421.0 | ||
| 006 | a|||||r|||| 00| 0 | ||
| 007 | ta | ||
| 008 | 221006b |||||||| |||| 00| 0 eng d | ||
| 020 |
_a8120310071 (pbk) _cRs.295.00 |
||
| 024 | _a11437 | ||
| 037 |
_bMonika, _cTextual |
||
| 040 |
_aPAPL _cPAPL _beng |
||
| 041 |
_2eng _aeng |
||
| 082 | _aCN1, N7 | ||
| 100 | _aAgarwal B K | ||
| 245 | 0 |
_aQuantum mechanics by B K Agarwal and Hari Prakash _b Hari Prakash |
|
| 260 |
_aNew _bDelhi Prentice-Hall of India Pvt. Ltd. _c1997 |
||
| 300 |
_axiii, 552p _ccm. |
||
| 500 | _a(Reprinted in 2002); ; Appendix 545-548p; Index 549-552p; ^n23/CSL/CARPA/2003-2004/974^d2003-11-06^mPurchase; ; 2003-04/510^b2003-11-24^c507^d2003-11-17^eRs.1,992.60^fMonika Book Distributors; ; 2004-03-01^bSB^c2004-03-01^dVinay | ||
| 650 | _a Quantum mechanics | ||
| 650 | _aPhysics | ||
| 700 |
_a Hari Prakash _9230418 |
||
| 942 |
_hCN1, N7 _cTEXL _2CC |
||
| 999 |
_c1211842 _d1211842 |
||